000 01068nam a2200325 a 4500
001 000024173
003 OSt
005 20200930022759.0
008 110119s1999 sp r 000 f spa d
020 _a8489163693
040 _aDO-SdBNP
_bspa
_cBNPHU
082 _a892.33
_bG447a
100 1 _aGibran, Khalil,
_d1883-1931
_949639
240 1 0 _aAjnebat al mukasara.
_lEspañol
245 1 0 _aAlas rotas /
_cKhalil Gibran; traducción de Ángeles F. Rubio.
260 _aMadrid, España :
_bJM, Ediciones:,
_c1999.
300 _a90 p. ;
_c19 cm.
490 1 _aClásicos Universales ;
_v34 ;
500 _aIncluye lista de los títulos de la colección
534 _aTítulo original :
_tAjnebat al mukasara
590 _aInventariado, 2020/ YL
650 4 _aNovela libanesa
_947647
650 4 _aNovela amorosa
_913334
650 4 _aLiteratura libanesa
_927514
700 1 _aRubio, Ángeles F.
_etr.
_949640
710 2 _aJorge A. Mestas, Ediciones Escolares
_949641
830 _aClásicos universales
_n34
_976700
910 _aEn proceso
942 _2ddc
_cLF1
999 _c23667
_d23667